000 00802nam a2200241 i 4500
001 50488
003 ES-MaACL
005 20230906162205.0
007 t|
008 030805s1962 sp ||||1| spa d
100 1 _aCullington, J. M.
_942148
245 1 0 _aPatos y gansos /
_cJ.M. Cullington, J. Tredgett, L.C. Turnill ; traducción española de Elías Fernández González.
260 _aZaragoza :
_bAcribia,
_c[1962]
300 _aX, 194 p., 8 lám. :
_bil. ;
_c19 cm.
490 1 _aManuales de técnica agropecuaria
650 _aAvicultura.
_910453
700 1 _aTredgett, J.
_9111275
700 1 _aTurnill, L. C.
_9111747
700 1 _aFernández González, Elías.
_949825
830 1 _aManuales de técnica agropecuaria
_9183378
852 _aES-MaACL
_jC-22597
999 _c50488
_d50488